| 000 -LEADER |
| fixed length control field |
00766nam a22002531a 4500 |
| 008 - FIXED-LENGTH DATA ELEMENTS--GENERAL INFORMATION |
| fixed length control field |
191122r20082013ii a|||g |||| 001 0 eng d |
| 020 ## - INTERNATIONAL STANDARD BOOK NUMBER |
| International Standard Book Number |
9788131719534 |
| Terms of availability |
Rs. 750.00 |
| 040 ## - CATALOGING SOURCE |
| Original cataloging agency |
IMU Kochi Library |
| Language of cataloging |
eng |
| 041 0# - LANGUAGE CODE |
| Language code of text/sound track or separate title |
eng |
| 044 ## - COUNTRY OF PUBLISHING/PRODUCING ENTITY CODE |
| MARC country code |
India |
| 082 04 - DEWEY DECIMAL CLASSIFICATION NUMBER |
| Edition number |
23 |
| Classification number |
621.382 |
| Item number |
T591 |
| 100 1# - MAIN ENTRY--PERSONAL NAME |
| Personal name |
Tomasi, Wayne |
| 245 10 - TITLE STATEMENT |
| Title |
Electronic Communication Systems : |
| Sub Title |
Fundamentals Through Advanced / |
| 250 ## - EDITION STATEMENT |
| Edition statement |
5th ed. |
| 260 ## - PUBLICATION, DISTRIBUTION, ETC. (IMPRINT) |
| Place of publication, distribution, etc |
Noida : |
| Name of publisher, distributor, etc |
Dorling Kindersley (India) Pvt Ltd, |
| Date of publication, distribution, etc |
2008, reprinted 2013 |
| 300 ## - PHYSICAL DESCRIPTION |
| Extent |
xvi, 1115 p. : |
| Other physical details |
ill. ; |
| Dimensions |
25.5 cm. |
| 504 ## - BIBLIOGRAPHY, ETC. NOTE |
| Bibliography, etc |
Includes index. |
| 650 #0 - SUBJECT ADDED ENTRY--TOPICAL TERM |
| Topical term or geographic name as entry element |
Telecommunication systems |
| Form subdivision |
Textbooks |
| 650 #0 - SUBJECT ADDED ENTRY--TOPICAL TERM |
| Topical term or geographic name as entry element |
Digital communications |
| Form subdivision |
Textbooks |
| 650 #0 - SUBJECT ADDED ENTRY--TOPICAL TERM |
| Topical term or geographic name as entry element |
Data transmission systems |
| 852 ## - LOCATION/CALL NUMBER |
| Location |
IMU Kochi Library |
| 904 ## - LOCAL DATA ELEMENT D, LDD (RLIN) |
| CATALOGER |
Shine Joy |
| 942 ## - ADDED ENTRY ELEMENTS (KOHA) |
| Item type |
Books |